000 00248 a2200097 4500
000 nam a22 7a 4500
100 _aPoonawala, N.S
_957
245 _aQuality engineering through materials failure analysis
260 _bSo ha li
264 _bSo ha li
999 _c35867
_d35867